Top 100 Cryptocurrencies by Market Cap - Statistics

General Stats
  • This quiz has been taken 47 times
  • The average score is 28 of 100
Answer Stats
Ranking Symbol Cryptocurrency % Correct
1 BTC Bitcoin
100%
10 DOGE Dogecoin
92%
2 ETH Ethereum
89%
5 SOL Solana
76%
7 XRP XRP (Ripple)
74%
3 BNB Binance Coin
71%
14 LTC Litecoin
71%
11 SHIB SHIBA INU
71%
4 USDT Tether
71%
6 ADA Cardano
63%
9 USDC USD Coin
61%
17 UNI Uniswap
58%
22 BCH Bitcoin Cash
55%
8 DOT Polkadot
55%
12 AVAX Avalanche
53%
21 MATIC Polygon
53%
18 LINK Chainlink
47%
20 ALGO Algorand
45%
24 XLM Stellar
45%
13 LUNA Terra
45%
28 TRX TRON
45%
34 DAI DAI
39%
35 THETA Theta
39%
23 VET VeChain
39%
15 WBTC Wrapped Bitcoin
39%
50 AAVE Aave
37%
19 BUSD Binance USD
37%
27 MANA Decentraland
37%
94 SUSHI SushiSwap
37%
32 FIL Filecoin
34%
61 QNT Quant
34%
72 DASH Dash
32%
39 FTM Fantom
32%
26 ICP Internet Computer
32%
47 CAKE PancakeSwap
32%
49 SAND The Sandbox
32%
69 AMP Amp
29%
66 WAVES Waves
29%
75 CELO Celo
26%
16 CRO Crypto.com Coin
26%
55 ENJ Enjin Coin
26%
33 ETC Ethereum Classic
26%
41 HNT Helium
26%
44 XMR Monero
26%
60 NEO Neo
26%
43 GRT The Graph
26%
70 ZEC Zcash
26%
63 CHZ Chiliz
24%
36 ATOM Cosmos
24%
45 EOS EOS
24%
46 FLOW Flow
24%
29 FTT FTX Token
24%
100 ZIL Zilliqa
24%
25 AXS Axie Infinity
21%
38 HBAR Hedera
21%
58 MKR Maker
21%
40 NEAR NEAR Protocol
21%
74 COMP Compound
18%
30 EGLD Elrond
18%
64 ONE Harmony
18%
57 KSM Kusama
18%
77 NEXO Nexo
18%
98 AUDIO Audius
16%
81 BAT Basic Attention Token
16%
67 BTT BitTorrent
16%
87 QTUM Qtum
16%
42 XTZ Tezos
16%
78 TFUEL Theta Fuel
16%
62 RUNE THORChain
16%
59 BSV Bitcoin SV
13%
52 MIOTA IOTA
13%
54 KDA Kadena
13%
89 MINA Mina
13%
65 STX Stacks
13%
99 UMA UMA
13%
95 YFI yearn.finance
13%
71 AR Arweave
11%
80 CRV Curve DAO Token
11%
90 IMX Immutable X
11%
51 LRC Loopring
11%
88 OMG OMG Network
11%
91 RVN Ravencoin
11%
79 WAXP WAX
11%
76 IOTX IoTeX
8%
73 KCS KuCoin Token
8%
84 OKB OKB
8%
31 UST TerraUSD
8%
92 TUSD TrueUSD
8%
86 DCR Decred
5%
68 HOT Holo
5%
48 KLAY Klaytn
5%
96 LPT Livepeer
5%
85 ICX ICON
3%
82 XEM NEM
3%
56 LEO UNUS SED LEO
3%
37 BTCB Bitcoin BEP2
0%
53 XEC eCash
0%
83 HT Huobi Token
0%
93 REV Revain
0%
97 SCRT Secret
0%
No matching quizzes found
Score Distribution
Percent of People with Each Score
Percentile by Number Answered
Your Score History
You have not taken this quiz